Catálogo
 En Linea

Conhecendo e reconhecendo a Danca Na UFRJ : (Registro nro. 43945)

Detalles MARC
000 -CABECERA
campo de control de longitud fija 01030nam a2200205 a 4500
001 - NÚMERO DE CONTROL
campo de control 000044456
005 - FECHA Y HORA DE LA ÚLTIMA TRANSACCIÓN
campo de control 20201002045404.0
008 - DATOS DE LONGITUD FIJA--INFORMACIÓN GENERAL
campo de control de longitud fija 140702s2008 bl a 000 0 spa d
020 ## - NÚMERO INTERNACIONAL ESTÁNDAR DEL LIBRO
Número Internacional Estándar del Libro 9788589669320
040 ## - FUENTE DE LA CATALOGACIÓN
Centro catalogador/agencia de origen DO-SdBNP
Lengua de catalogación spa
Centro/agencia transcriptor BNPHU
082 ## - NÚMERO DE LA CLASIFICACIÓN DECIMAL DEWEY
Número de clasificación xxxx
Número de documento/Ítem xxxx
111 2# - ENTRADA PRINCIPAL--NOMBRE DE CONGRESO/REUNIÓN
Nombre de congreso/reunión o jurisdicción como elemento de entrada Anais do Seminário Conhecendo e Reconhecendo a Dança na UFRJ
Número del congreso/reunión o número de parte o sección (3ero. y 4to
Fecha del congreso/reunión 02 a 11 de dez. de 2008 :
Sede del congreso/Lugar de la reunión Rio de Janeiro)
9 (RLIN) 72473
245 10 - MENCIÓN DE TÍTULO
Título Conhecendo e reconhecendo a Danca Na UFRJ :
Resto del título anais do ... Seminário Interno do Departamento de Arte Corporal da Escola de Educação Física e Desportos : resumos.
246 10 - FORMA VARIANTE DE TÍTULO
Título propio/Titulo breve Seminário Interno do Departamento de Arte Corporal de Escola de Eduçacão Física e Desportos Resumos
260 ## - PUBLICACIÓN, DISTRIBUCIÓN, ETC.
Lugar de publicación, distribución, etc. Rio de Janeiro, Brazil :
Nombre del editor, distribuidor, etc. UFRJ,
Fecha de publicación, distribución, etc. 2008.
300 ## - DESCRIPCIÓN FÍSICA
Extensión v. :
Otras características físicas il. ;
Dimensiones 21 cm.
500 ## - NOTA GENERAL
Nota general Incluye referencias bibliográficas y notas al pie de las páginas
504 ## - NOTA DE BIBLIOGRAFÍA, ETC.
Nota de bibliografía, etc. Incluye bibliografía al final de cada capítulo
710 2# - PUNTO DE ACCESO ADICIONAL--NOMBRE DE ENTIDAD CORPORATIVA
Nombre de entidad corporativa o nombre de jurisdicción como elemento de entrada Universidade Federal do Rio de Janeiro
Unidad subordinada Departamento de Arte Corporal
9 (RLIN) 72474
Existencias
Estado de retiro Estado de pérdida Restricciones de uso No para préstamo Código de colección Localización permanente Ubicación/localización actual Ubicación en estantería Fecha de adquisición Número de inventario Total de préstamos Signatura topográfica completa Código de barras Fecha visto por última vez Precio válido a partir de Tipo de ítem Koha
      Excluido de préstamo Monografías: Libros y Folletos General General En catalogación 02.07.2014 LF1   xxxx xxxx 44456-10 25.06.2020 25.06.2020 No se presta

Con tecnología Koha